Koncepcija kapitalizacii strachovych nakoplenij (SSWES).

Čílska reforma dôchodkového poistenia spočívajúca v kapitalizácii platieb a privatizácii systému poistenia. Základné momenty SSWES (The Concept of Social Security Wealth-Equity Swap). Premena fondov sociálneho poistenia na reálny majetok a alternatívne modely tejto premeny. Nevýhody čílskej cesty a...

Descrizione completa

Salvato in:
Dettagli Bibliografici
Autore principale: Šenfel'der, V.
Natura: Capitolo di libro
Lingua:russo
Soggetti:
Tags: Aggiungi Tag
Nessun Tag, puoi essere il primo ad aggiungerne!!

MARC

LEADER 00000naa a2200000 4500
001 r010549
005 20221130113314.3
041 0 |a rus 
044 |a [SU] 
245 1 0 |a Koncepcija kapitalizacii strachovych nakoplenij (SSWES).  |c V. Šenfel'der 
520 |a Čílska reforma dôchodkového poistenia spočívajúca v kapitalizácii platieb a privatizácii systému poistenia. Základné momenty SSWES (The Concept of Social Security Wealth-Equity Swap). Premena fondov sociálneho poistenia na reálny majetok a alternatívne modely tejto premeny. Nevýhody čílskej cesty a jej realizácia v Srbsku a Chorvátsku. Rozdelenie dôchodkového zabezpečenia na základné a dodatkové a výmena (swap) dodatkového zabezpečenia. 
610 2 0 |a koncepcie 
610 2 0 |a poistenie dôchodkové 
610 2 0 |a Čile 
610 2 0 |a reformy sociálne 
610 2 0 |a SSWES 
610 2 0 |a úspory 
610 2 0 |a poistka 
610 2 0 |a poistenie sociálne 
610 2 0 |a zabezpečenie dôchodkové 
610 2 0 |a modely 
610 2 0 |a swap 
100 1 |a Šenfel'der, V.